000 00788nam a22002177a 4500
003 UA-OsUOA
001 45133
007 ta
008 20070327b un ||||| |||| 00| 0 ukr d
100 _aПопов Г.В.
090 _a34
_bП-11
942 _cSA
040 _aUA-OsUOA
_bukr
_cUA-OsUOA
_dUA-OsUOA
245 _aОкремі питання відшкодування шкоди, завданої громадянинові незаконними діями органів дізнання, досудового слідства, прокуратури і суду
300 _aС.29-34
955 _a0
041 _aukr
080 _a34
773 0 _w45125
_tЕкономіка. Фінанси. Право.
_dК.
_d2007
_g1
650 7 _a34 Право. Юриспруденція
_2UDC
999 _c331242
_d331242